000 00317nam a22001337a 4500
008 171009b xxu||||| |||| 00| 0 eng d
020 _ax00021c1sh
041 _aeng
080 _a159.9
100 _a49
101 _aPSI
245 _aPLEASE UNDERSTAND ME CHARACTER& TEMPERAMENT TYPES
_cKERISEY,D
942 _2udc
_cBK
999 _c32530
_d32530